Principaux mouvements artistiques (surtout peinture) - Statistiques

Statistiques générales
  • Ce quiz a été pris 126 fois
  • Le résultat moyen est 12 sur 24
Statistiques - réponses
Période (années) Artistes notables Réponses % Correct
Années 1880 Monet, Manet, Renoir Impressionnisme
93%
1924 - années 1950 Dalí, Magritte Surréalisme
88%
Années 1830 - 1850 Courbet Réalisme
86%
1907 - 1914 Picasso, Braque Cubisme
80%
1790 - 1880 Blake, Delacroix Romantisme
70%
XVIIᵉ siècle Rembrandt van Rijn, Caravage, Vermeer Baroque
66%
Années 1860 - 1880 Seurat, Signac Pointillisme
65%
Années 1950 - 1960 Warhol Pop art
65%
1898 - 1908 Matisse, Derain Fauvisme
63%
1905 - années 1940 Munch, Kirchner Expressionnisme
57%
1715 à 1774 Boucher, Fragonard Rococo
56%
Années 1880 - 1900 Van Gogh, Cézanne Post-impressionnisme
55%
1946 - années 1960 Pollock, Rothko Expressionnisme abstrait
47%
Fin XIXᵉ - début XXᵉ siècle Mucha, Klimt Art nouveau
45%
1750 - 1880 Kauffmann, David Néoclassicisme
45%
1916 - 1922 Arp, Duchamp Dada
41%
XIIᵉ au XVIᵉ siècle Simone Martini Art gothique
33%
Fin du XIXᵉ siècle Moreau, Redon Symbolisme
33%
Années 1920 - 1930 De Lempicka Art déco
26%
Milieu à fin du XVIᵉ siècle Parmigianino, Le Greco Maniérisme
21%
1919 - 1933 Gropius, Klee Bauhaus
13%
Début du XVIᵉ siècle Léonard de Vinci, Michel-Ange Haute Renaissance
12%
1920 - 1940 Mondrian, Van Doesburg Néo-plasticisme
3%
Milieu à fin du XIXᵉ siècle Leighton Classicisme victorien
2%
Aucun quiz correspondant
Distribution des résultats
% des personnes avec chaque résultat
Percentile par nombre de réponses
Votre historique - résultats
Vous n’avez pas pris ce quiz